Governance, good governance and global governance: conceptual and actual challenges (Record no. 47307)

000 -LEADER
fixed length control field 01292pab a2200169 454500
008 - FIXED-LENGTH DATA ELEMENTS--GENERAL INFORMATION
fixed length control field 180718b2000 xxu||||| |||| 00| 0 eng d
100 ## - MAIN ENTRY--PERSONAL NAME
Personal name Weiss, Thomas G.
245 ## - TITLE STATEMENT
Title Governance, good governance and global governance: conceptual and actual challenges
260 ## - PUBLICATION, DISTRIBUTION, ETC.
Date of publication, distribution, etc. 2000
300 ## - PHYSICAL DESCRIPTION
Extent p.795-814
362 ## - DATES OF PUBLICATION AND/OR SEQUENTIAL DESIGNATION
Dates of publication and/or sequential designation Oct
520 ## - SUMMARY, ETC.
Summary, etc. This article takes seriously the proposition that ideas and concepts, both good and bad, have an impact on international public policy. It situates the emergence of governance, good governance and global governance, as well as the UN's role in the conceptual process. Although `governance' is as old as human history, this essay concentrates on the intellectual debates of the 1980s and 1990s but explores such earlier UN-related ideas as decolonisation, localisation and human rights, against which more recent thinking has been played out. A central analytical perspective is the tension between many academics and international practitioners who employ `governance' to connote a complex set of structures and processes, both public and private, while more popular writers tend to use it synonymously with `government'. - Reproduced
650 ## - SUBJECT ADDED ENTRY--TOPICAL TERM
Topical term or geographic name entry element International relations
650 ## - SUBJECT ADDED ENTRY--TOPICAL TERM
Topical term or geographic name entry element United Nations
773 ## - HOST ITEM ENTRY
Main entry heading Third World Quarterly
909 ## -
-- 47307
Holdings
Withdrawn status Lost status Damaged status Not for loan Permanent Location Current Location Date acquired Serial Enumeration / chronology Barcode Date last seen Price effective from Koha item type
        Indian Institute of Public Administration Indian Institute of Public Administration 2018-07-19 Volume no: 21, Issue no: 5 AR47735 2018-07-19 2018-07-19 Articles

Powered by Koha